| 000 | 00847nam a2200217 a 4500 | ||
|---|---|---|---|
| 001 | 000019723 | ||
| 005 | 20200929170121.0 | ||
| 008 | 100705s1975 sp abc r 000 f spa d | ||
| 020 | _a8471421593 | ||
| 040 |
_aDO-SdBNP _bspa _cBNPHU |
||
| 082 |
_a808.83 _bL697c |
||
| 110 | 1 |
_aReader´s Digest _942181 |
|
| 245 | 1 | 0 | _aLibros condensados por selecciones del Reader´s Digest. |
| 260 |
_aMadrid : _bReader´s Digest, _c1975. |
||
| 300 |
_a477 p. : _bil., mapas., retrs. ; _c20 cm. |
||
| 505 | 0 |
_tMeridiano 34 este / Coppel, Alfred. _tLa pistola de burbujas / Gallico, Paul. _tCoorinna / Wilson, Erle. _tLa granja de la montaña /Raymond, Ernest. |
|
| 504 | _aIncluye referencias bibliográficas y notas al pie de las páginas. | ||
| 650 | 4 |
_aNovela española _xColección de escritos _942182 |
|
| 650 | 4 |
_aLiteratura española _9632 |
|
| 049 | _aBNGR | ||
| 999 |
_c19237 _d19237 |
||